000 nam a22 a 4500
999 _c1386
_d1386
005 20170509123607.0
008 170509b1993 xxu||||| |||| 00| 0 eng d
020 _a0673521230
040 _aAKMAL
082 0 0 _a301 ESH
090 _a301
_bESH
100 1 _aEshleman, J. Ross.
_92726
245 _aSociology :
_ban introduction /
_cJ. Ross Eshleman, Barbara G. Cashion, Laurence A. Basirico
250 _a4th ed.
260 _aNew York, N.Y. :
_bHarperCollins,
_c1993.
300 _axx,642p.
_ccm
500 _aPrevious ed.: Glenview, Ill.: Scott, Foresman/Little, Brown, 1988.
599 _aDALAM PROSES
650 0 _aSociology
_92700
700 1 _aCashion, Barbara G, Basirico, Laurence A.
_92727
852 4 1 _aBritish Library
_bDSC
942 _2ddc
_cBOOK